| 000 | 00775nam a22002417a 4500 | ||
|---|---|---|---|
| 003 | OSt | ||
| 005 | 20140310181919.0 | ||
| 008 | 130718t xxu||||| |||| 00| 0 eng d | ||
| 020 | _a9780521628815 | ||
| 050 |
_aPE 1128 _b.R459 1997 |
||
| 082 |
_aTRE 428.24 _bR39 1997 |
||
| 100 |
_aRichards, Jack _9857 |
||
| 245 |
_aNew interchange 1 : _bEnglish for international communication / _cJack Richards with Jonathan Hull and Susan Proctor. |
||
| 260 |
_aUnited Kingdom : _bCambridge University Press, _cc1997. |
||
| 300 |
_a105 p. ; _bill. col. ; _c28 cm. |
||
| 500 | _aStudent's book | ||
| 521 | _aFaculty | ||
| 541 | _j1 | ||
| 562 | _e1 | ||
| 650 |
_aEnglish _xCommunication _91434 |
||
| 650 |
_aEnglish _xStudy and teaching _91435 |
||
| 942 |
_2lcc _cBK-TR _kTR |
||
| 999 |
_c6910 _d6910 |
||